National Security Law

Detalles Bibliográficos
Autor principal: Forcese, Craig
Otros Autores: West, Leah
Formato: eBook
Lenguaje:inglés
Publicado: Toronto: Irwin Law Inc., 2021
Materias:
Acceso en línea:Acceso restringido

MARC

LEADER 00000nam a22000007a 4500
005 20210820223256.0
007 cr|||| ||||
008 210820s2021 ca |||||s|||| 00||0 eng d
020 |a 978-1-55221-611-8 
035 |a 35194 
040 |a vLex 
090 |c 12099  |d 12099 
100 1 |a Forcese, Craig 
245 1 0 |a National Security Law  |h [Recurso electrn̤ico] /  |c Craig Forcese, Leah West 
256 |a Servicio en ln̕ea 
260 |a Toronto:  |b Irwin Law Inc.,  |c 2021 
300 |a 1 recurso electrn̤ico 
506 1 |a Disponible solo en los productos indicados  |d vLex Global  |d vLex Global (Academic Edition, excluding Law Schools)  |d vLex Global (U.S. Academic Edition, Law Schools)  |d vLex Global (U.S. Academic Edition, excluding Law Schools)  |d vLex Global (Academic Edition, Law Schools) 
650 0 4 |a Derecho Pb︢lico y Administrativo  |z Canad̀ 
700 1 |a West, Leah 
740 0 |a vLex Libros (Servicio en ln̕ea) 
856 4 0 |u https://app.vlex.com/#/sources/35194  |z Acceso restringido 
942 |c BOOK 
999 0 |a Public and Administrative Law